| 000 | 00642nas a22001817a 4500 | ||
|---|---|---|---|
| 999 |
_c5612 _d5612 |
||
| 003 | OSt | ||
| 005 | 20180717162426.0 | ||
| 008 | 160728c2016||||||||||||||||||||||||eng|d | ||
| 022 | _a0956-2273 | ||
| 040 |
_bcat _cCDMR |
||
| 245 | 0 | 4 | _aThe Europa World Year Book |
| 260 |
_aLondon _aNew York _bRoutledge _c1926 - |
||
| 300 |
_a3 v. _c29 cm. |
||
| 505 | _aConté: vol. 1.- International organizations, Countries: Afghanistan-Equatorial Guinea ; vol. 2.- Countries: Eritrea-Nicaragua ; vol 3.- Countries: Niger-Zimbabwe | ||
| 650 | 0 | 4 |
_93993 _aOrganismes internacionals _vDirectoris |
| 650 | 0 | 4 |
_93994 _aPolĂtica mundial _vDirectoris |
| 942 |
_cSER _s1 _2udc |
||